| 000 | 00461cam a2200169 a 4500 | ||
|---|---|---|---|
| 020 | _a9781845938741 (pbk.) | ||
| 020 | _a9781845932633 (hb.) | ||
| 082 |
_a631.587 _bLAY/IR |
||
| 100 | 1 | _aLaycock, Adrian. | |
| 245 | 1 | 0 | _aIrrigation systems : |
| 250 | _a1st pbk. ed. | ||
| 260 |
_aWallingford, Oxfordshire, OX ; _aCambridge, MA : _bCABI, _c2011. |
||
| 300 |
_a285 p. : _bill. ; |
||
| 650 | 0 | _aIrrigation projects | |
| 650 | 0 | _aIrrigation projects | |
| 942 | _cBK | ||
| 999 |
_c13725 _d13725 |
||